000 00555nam a22001817a 4500
005 20251108164201.0
008 250721s1996 xx 000 0 ara d
082 1 4 _a210.41334/محم
100 1 _aالصايم، محمد
245 1 0 _aالمنفذ القرآني :
_bلإبطال السحر و علاج المس الشيطاني /
264 1 _aالقاهرة :
_bدار الفضيلة،
_c1996.
300 _a157 ص
650 1 7 _aالإسلام
650 1 7 _aالقرآن الكريم
650 1 7 _aالسحر
942 _2ddc
_cBK
999 _c5769
_d5769